000 00994nam a2200253 a 4500
001 16930807
008 190509s2011 ||||||||||||||||| || u
010 _a2011291070
020 _a9780857291974
020 _a0857291971
050 _aTA 1650 Fer
100 _aFerilli, Stefano
245 1 0 _aAutomatic digital document processing and management : problems, algorithms and techniques
_cby Stefano Ferilli
260 _aLondon
_bSpringer
_c2011
300 _axxvi, 297pages: illustrations
490 _aAdvances in pattern recognition
500 _aIncludes bibliographical references and index
650 0 _aDOCUMENT IMAGING SYSTEMS
650 0 _aELECTRONIC DATA PROCESSING
650 0 _aIMAGE PROCESSING - DIGITAL TECHNIQUES
650 0 _a DOCUMENTATION -DATA PROCESSING
650 0 _a OPTICAL PATTERN RECOGNITION
995 _FCBU-MAIN LIBRARY (Kitwe)
_I73.63
_M1
_UAVAILABLE
_WMay 9, 2019
_ZMain Library Open Access Collection
999 _c35340
_d35340